| 000 | 00596nam a2200193Ia 4500 | ||
|---|---|---|---|
| 005 | 20250508165943.0 | ||
| 008 | 008 250505s9999 xx 000 0 eng d | ||
| 037 | _aTextual | ||
| 040 |
_aFEDL _beng _cFEDL |
||
| 041 |
_aeng _2eng |
||
| 084 |
_a658, SUB _qFEDL |
||
| 245 | 0 | _aBusiness laws: M- 208: Self learning material | |
| 245 | 0 | _cSwami Vivekanand Subjarti University | |
| 260 |
_aNew Delhi, India _bLaxmi Publications Pvt. ltd. _c2016 |
||
| 300 | _a107p. | ||
| 546 | _aDistance education; Giftee by Rajeev Kumar | ||
| 942 |
_cTEXL _h658, SUB |
||
| 999 |
_c1398393 _d1398393 |
||